| 000 | 00401nam a2200181Ia 4500 | ||
|---|---|---|---|
| 000 | 00746ngmaa2200277 a 4500 | ||
| 003 | RNL | ||
| 006 | g||||fr|||| a0| fz | ||
| 007 | hj bfb|||baap | ||
| 008 | 090707b ii f a fnsan d | ||
| 040 | _aeng | ||
| 100 | _aBhaginder Kaur | ||
| 245 | _aSassi Hashim | ||
| 260 | _aAmritsar | ||
| 260 | _bWaris Shah Foundation | ||
| 260 | _c2005 | ||
| 942 | _cBK | ||
| 999 |
_c21859 _d21859 |
||